Mass transfer in multicomponent mixtures /
Guardado en:
| Autor Principal: | |
|---|---|
| Otros Autores: | |
| Formato: | Libro |
| Idioma: | English |
| Publicado: |
Delft, Netherland :
VSSD,
2006.
|
| Materias: | |
| Etiquetas: |
Agregar Etiqueta
Sin Etiquetas, Sea el primero en etiquetar este registro!
|
| LEADER | 00823nam a22002415a 4500 | ||
|---|---|---|---|
| 001 | EIQ.libpla002990 | ||
| 008 | 070928s2006####ne#a##########001#0#eng#d | ||
| 005 | 20070928183242.0 | ||
| 245 | 1 | 0 | |a Mass transfer in multicomponent mixtures / |c J.A. Wesselingh, R. Krishna. |
| 260 | |a Delft, Netherland : |b VSSD, |c 2006. | ||
| 300 | |a 329 p. : |b il. ; |c 24 cm. | ||
| 500 | |a Incluye índice. | ||
| 020 | |a 9071301583 | ||
| 100 | 1 | |a Wesselingh, J. A. | |
| 700 | 1 | |a Krishna, R. | |
| 650 | 4 | |a Procesos |x Transferencia de masa. | |
| 650 | 4 | |a Masa |x Transferencia. | |
| 650 | 4 | |a Transferencia de masa |x Mezclas multicomponentes. | |
| 650 | 4 | |a Mass transfer |x Multicomponent mixture. | |
| 650 | 4 | |a Processes |x Mass transfer. | |
| 650 | 4 | |a Mass |x Transfer. | |
| 040 | |a AR-BbSID |b spa |c AR-BbSID | ||
| 859 | |a AR-BbSID |b BIB. PLAPIQUI |h 660.284 23 |i W 518 |p 6025 | ||
